| 000 | 01031nam a2200217Ia 4500 | ||
|---|---|---|---|
| 008 | 0000001994 sp a 0000000000spa00 | ||
| 020 | _a8448203496 | ||
| 090 | _aPSP00 G17l | ||
| 100 | 1 |
_aGordillo, Luis _d1934 |
|
| 245 | 1 | 0 |
_aLuis Gordillo _c/ coordinación Maria Casanova ; traducción Karel Chlapshaw, Ferran Estellés, Carmen Pinilla ; comisario Santiago B. Olmo |
| 300 |
_a177 p. _c/ 24 cm. | |
||
| 500 | _aExposición realizada en Ivam Centre Julio González, Valencia, Diciembre 1, 1993 Enero 30, 1994 \ Texto bilingue: español e inglés \ Con el patronazgo del maestro venezolano Jesús Rafael Soto (q.e.p.d.) | ||
| 600 | 0 | 0 |
_aGORDILLO, LUIS, 1934/ _xTRABAJOS PICTORICOS |
| 650 | 1 | 4 | _aARTE CONTEMPORANEO ESPAÑOL |
| 650 | 1 | 4 | _xCATALOGOS |
| 650 | 1 | 4 | _xEXPOSICIONES |
| 650 | 1 | 4 | _aPINTORES ESPAÑOLES |
| 650 | 1 | 4 | _aPINTURA ESPAÑOLA |
| 700 | 1 | _aCasanova, María \ Chlapshaw, Karel, tr. \ Estellés, Ferran \ Pinilla, Carmen \ Olmo, Santiago B. | |
| 999 |
_c2151 _d2151 |
||
| 260 |
_aValencia : Generalitat Valencia _c1994 |
||